Spell the Marvel Character #77 - Statistics

General Stats
  • This quiz has been taken 25 times
  • The average score is 12 of 14
Answer Stats
Picture Answer % Correct
Adam Warlock
100%
Colossus
100%
Cyclops
100%
Hawkeye
100%
Iron Fist
100%
Armor
93%
Emma Frost
93%
Energizer
87%
Rage
87%
America Chavez
80%
Aurora
80%
Mass Master
67%
Viv Vision
60%
Zero-G
60%
No matching quizzes found
Score Distribution
Percent of People with Each Score
Percentile by Number Answered
Your Score History
You have not taken this quiz